| 000 | 00619nam a22001697a 4500 | ||
|---|---|---|---|
| 005 | 20120421165148.0 | ||
| 020 |
_a416084303 _c00.00 |
||
| 035 | _aA-126605 | ||
| 037 |
_aDPL _bENG |
||
| 245 |
_aThe good society : _bA book of readings / _cedited by Anthony Arblaster and Steven Lukes |
||
| 260 |
_aLondon _bMethuen and Co. Ltd. _c1971 |
||
| 300 |
_axi, 436p. _c20 cms. |
||
| 700 |
_aArblaster, Anthony _945570 |
||
| 700 |
_aLukes, Steven _945571 |
||
| 942 |
_2ddc _cEN _h308 _mARB |
||
| 999 |
_c65425 _d65425 |
||